书目信息 |
| 题名: |
万国学校考前冲刺
|
|
| 作者: | ;北京万国学校 编著 | |
| 分册: | 卷四突破100分 | |
| 出版信息: | 北京 知识产权出版社 2009.07 |
|
| 页数: | 185页 | |
| 开本: | 26cm | |
| 丛书名: | ||
| 单 册: | ||
| 中图分类: | D9 | |
| 科图分类: | ||
| 主题词: | 法律--考核--自学参考资料 , 法律 | |
| 电子资源: | ||
| ISBN: | 978-7-80247-518-2 | |
| 000 | 00849nam0 2200253 450 | |
| 001 | 012004365261 | |
| 005 | 20091207094210.17 | |
| 010 | @a978-7-80247-518-2@dCNY25.00 | |
| 100 | @a20090822d2009 em y0chiy0110 ea | |
| 101 | 0 | @achi |
| 102 | @aCN@b110000 | |
| 105 | @ak z 000yy | |
| 106 | @ar | |
| 200 | 1 | @a万国学校考前冲刺@9wan guo xue xiao kao qian chong ci@i卷四突破100分@f北京万国学校编著 |
| 210 | @a北京@c知识产权出版社@d2009.07 | |
| 215 | @a185页@d26cm | |
| 300 | @a2009司法考试培训教材 | |
| 330 | @a本书内容包括:刑法、刑事诉讼法、民法、民事诉讼法与仲裁制度、行政法和行政诉讼法、商法、司法文书、论述题其实只是一个填空题。 | |
| 606 | 0 | @a法律@x考核@j自学参考资料 |
| 606 | 0 | @a法律 |
| 690 | @aD9@v4 | |
| 711 | 02 | @a北京万国学校@9bei jing wan guo xue xiao@4编著 |
| 801 | 0 | @aCN@bRENTIAN@c20091207 |
| 905 | @b20796731-36@dD9@e421@f6 | |
| 万国学校考前冲刺.卷四突破100分/北京万国学校编著.-北京:知识产权出版社,2009.07 |
| 185页;26cm |
| 2009司法考试培训教材 |
| ISBN 978-7-80247-518-2:CNY25.00 |
| 本书内容包括:刑法、刑事诉讼法、民法、民事诉讼法与仲裁制度、行政法和行政诉讼法、商法、司法文书、论述题其实只是一个填空题。 |
| ● |
| 相关链接 |
|
|
|
|
正题名:万国学校考前冲刺
索取号:D9/421
 
预约/预借
| 序号 | 登录号 | 条形码 | 馆藏地/架位号 | 状态 | 备注 |
| 1 | 796731 | 207967315 | 第一样本阅览室/ [索取号:D9/421] | 在馆 | |
| 2 | 796732 | 207967324 | 第一借阅区/ [索取号:D9/421] | 在馆 | |
| 3 | 796734 | 207967342 | 第一借阅区/ [索取号:D9/421] | 在馆 | |
| 4 | 796735 | 207967351 | 第一借阅区/ [索取号:D9/421] | 在馆 | |
| 5 | 796736 | 207967360 | 第一借阅区/ [索取号:D9/421] | 在馆 |